Brass Baja: (Record no. 53101)

MARC details
000 -LEADER
fixed length control field 00806naa a2200205 4500
005 - DATE AND TIME OF LATEST TRANSACTION
control field 20180625171238.0
010 ## - LCCN (DPL NO)
LC control number B-430929
020 ## - INTERNATIONAL STANDARD BOOK NUMBER
International Standard Book Number 9780195670813
Terms of availability 595.00
035 ## - SYSTEM CONTROL NUMBER
System control number B-430929, B-163253
037 ## - SOURCE OF ACQUISITION
Source of stock number/acquisition Oxford University Press
037 ## - SOURCE OF ACQUISITION
Source of stock number/acquisition Allied Pub/Ven
100 ## - MAIN ENTRY--PERSONAL NAME
Personal name Booth, Gregory D.
245 ## - TITLE STATEMENT
Title Brass Baja:
Remainder of title strories from the world of Indian wedding bands /
Statement of responsibility, etc by Gregory D. Booth
260 ## - PUBLICATION, DISTRIBUTION, ETC. (IMPRINT)
Place of publication, distribution, etc New Delhi
Name of publisher, distributor, etc Oxford University Press
Date of publication, distribution, etc 2005
270 ## - ADDRESS
Address YMCA Library Building, Jai Singh Road
City New Delhi
Postal code 110001
300 ## - PHYSICAL DESCRIPTION
Extent viii, 335p
Dimensions 22cm (Hb)
Other physical details b&w photos
500 ## - GENERAL NOTE
General note Includes index
942 ## - ADDED ENTRY ELEMENTS (KOHA)
Source of classification or shelving scheme Dewey Decimal Classification
Item type English Books
Call number suffix BOO
Classification part 784.40954
Holdings
Withdrawn status Lost status Not for loan Home library Current library Date acquired Cost, normal purchase price Full call number Cost, replacement price Koha item type Collection code Source of acquisition Barcode Copy number
      Andrews Gunj Andrews Gunj 23/06/2011 595.00 BOO 595.00 English Books        
      Central Library Central Library 30/06/2011 595.00 784.40954 BOO 595.00 English Books Non-fiction Allied Pub/2951/29.3.11/78/14.3.11/31.3.11 B-430929 1
      Shahdara Branch Shahdara Branch 25/06/2018 595.00 784.40954 BOO 595.00 English Books Non-fiction BPPD/PUB B-163253  

© Delhi Public Library
Hit Counter
free hit counter